000 00691nam a22002177a 4500
005 20100806154617.0
010 _aENG-98718
020 _c460.00
035 _aEN-82250
037 _bDBAD/PUB
082 _a546
100 _aGopalan, R.
_98103
245 _aInorganic chemistry for undergraduates /
_cby C. N. Pillai
260 _aHyderabad
_bUniversities Press
_c2009
270 _a3-6-747/1/A & 3-6-754/1, Himayatnagar
_bHyderabad
_e500029
300 _avii, 953 p.
_c24 cm. (Pbk)
500 _aIncludes index
700 _97380
942 _2ddc
_cEN
_h546
_mGOP
999 _c39923
_d39923